Sexuálne obťažovanie v škole - teoretické vymedzenie a zistenia výskumnej štúdie na Slovensku
Existencia najčastejších vnútorných a medzi-rodových foriem sexuálneho obťažovania. Identifikácia rodových rozdielov v konfigurácii aktér - obeť. Komplexný pohľad na sexuálne obťažovanie v školskom prostredí. Vzťah medzi skúsenosťou s obťažovaním a jeho následným hodnotením.
Gespeichert in:
| 1. Verfasser: | |
|---|---|
| Weitere Verfasser: | |
| Format: | Buchkapitel |
| Sprache: | Slowakisch |
| Schlagworte: | |
| Tags: |
Keine Tags, Fügen Sie das erste Tag hinzu!
|
MARC
| LEADER | 00000naa a2200000 4500 | ||
|---|---|---|---|
| 001 | 0193918 | ||
| 005 | 20231211074339.0 | ||
| 041 | 0 | |a slo | |
| 044 | |a CZ | ||
| 245 | 1 | 0 | |a Sexuálne obťažovanie v škole - teoretické vymedzenie a zistenia výskumnej štúdie na Slovensku |c Ladislav Lovaš, Katarína Vasková |
| 520 | |a Existencia najčastejších vnútorných a medzi-rodových foriem sexuálneho obťažovania. Identifikácia rodových rozdielov v konfigurácii aktér - obeť. Komplexný pohľad na sexuálne obťažovanie v školskom prostredí. Vzťah medzi skúsenosťou s obťažovaním a jeho následným hodnotením. | ||
| 610 | 2 | 0 | |a psychológia aplikovaná |
| 610 | 2 | 0 | |a vzťahy genderové |
| 610 | 2 | 0 | |a rovnosť rodová |
| 610 | 2 | 0 | |a správanie |
| 610 | 2 | 0 | |a prejavy |
| 610 | 2 | 0 | |a persuázia |
| 610 | 2 | 0 | |a Slovensko |
| 610 | 2 | 0 | |a výskum |
| 100 | 1 | |a Lovaš, Ladislav | |
| 700 | 1 | |a Vasková, Katarína | |